Warrior Cats by Emojis #2 - Statistics

General Stats
  • This quiz has been taken 116 times
  • The average score is 7 of 15
Answer Stats
Emojis Answer % Correct
๐Ÿ•ท๏ธ๐Ÿฆต Spiderleg
98%
๐ŸŒ™๐ŸŒผ Moonflower
94%
โšฐ๏ธ๐Ÿฆถ Deadfoot
93%
๐Ÿฆ๐ŸŽถ Birdsong
87%
๐Ÿค๐Ÿ‘‚ Smallear
69%
โฌœ๐ŸŒช๏ธ Whitestorm
60%
๐ŸŒธ๐Ÿ‚ Blossomfall
53%
๐Ÿซฐ๐Ÿฆท Snaptooth
33%
๐Ÿชจ๐Ÿ”ฎ Stoneteller
32%
๐Ÿ•๐Ÿ”Š๐Ÿ˜€ Barkface
22%
๐Ÿ•› Midnight
20%
โ™‚๏ธ๐Ÿ๐ŸŒช๏ธ Billystorm
19%
๐Ÿ›๐Ÿด๐Ÿ˜‹ Bugeater
15%
๐Ÿ˜ โ„๏ธ Bristlefrost
12%
โญโญ โญ Tallstar
9%
No matching quizzes found
Score Distribution
Percent of People with Each Score
Percentile by Number Answered
Your Score History
You have not taken this quiz